Inter-american judicial constitutionalism: on the constitutional rank of human rights treaties in Latin America through national and inter-american adjudication
Guardado en:
| Autor principal: | |
|---|---|
| Formato: | Libro |
| Lenguaje: | inglés |
| Publicado: |
San José
Inter-American
2011
|
| Edición: | 1a. ed |
| Materias: | |
| Etiquetas: |
Agregar Etiqueta
Sin Etiquetas, Sea el primero en etiquetar este registro!
|
MARC
| LEADER | 00000cam a2200000 a 4500 | ||
|---|---|---|---|
| 001 | UCE3754 | ||
| 003 | CL-VaPUC | ||
| 008 | 140925e20110000us |||||||||||||||||eng|d | ||
| 020 | |a 9789968611671 | ||
| 082 | 0 | 4 | |a 342 |b GON |2 21 |
| 100 | 0 | |a Góngora Mera, Manuel Eduardo |e author |9 576271 | |
| 245 | 1 | 0 | |a Inter-american judicial constitutionalism: on the constitutional rank of human rights treaties in Latin America through national and inter-american adjudication |
| 250 | |a 1a. ed | ||
| 300 | |a 302 p | ||
| 942 | |c BK | ||
| 945 | |d 20140925 17:45:00 |a arojas | ||
| 260 | |a San José |b Inter-American |c 2011 | ||
| 650 | 0 | |a Derecho constitucional |9 222588 | |
| 650 | 0 | |a Derechos humanos |9 223025 | |
| 650 | 7 | |a JURIDICCION |2 CL-VaPUC |9 429881 | |
| 583 | |a last modification |c 20140925 17:45:00 |k Rodrigo Vera | ||
| 999 | |c 356915 |d 356913 | ||
| 952 | |0 0 |1 0 |3 erb |4 0 |6 342_000000000000000_GON_2011 |7 0 |8 A |9 464686 |a BIBDER |b BIBDER |i 5114632 |o 342 GON 2011 |p 5114632 |r 2019-11-23 |w 2019-11-23 |y BK |z Catalogado en:20140925 |k DER | ||